Prądy morskie zimne - Statystyki

Ogólne statystyki
  • Ten quiz został rozwiązany 721 razy
  • Średni wynik to 6 z 11
Statystyki odpowiedzi
Prąd morski % Poprawnych
Peruwiański
81%
Kalifornijski
80%
Labradorski
76%
Oja-siwo
75%
Zachodnioaustralijski
73%
Kanaryjski
72%
Somalijski (lato)
66%
Dryf Wiatrów Zachodnich
43%
Antarktyczny Prąd Okołobiegunowy
11%
Falklandzki
11%
Wschodnigrenladzki
3%
Nie znaleziono quizów pasujących do podanych kryteriów
Rozkład punktacji
Procent ludzi z każdym wynikiem
Percentyl według liczby udzielonych odpowiedzi
Twoja historia wyników
Nie rozwiązałeś tego quizu